LEADER 00930nam a2200217 i 4500 001 000000182245 003 CaOOAMICUS 005 20091016000000.0 008 091016s1911 it u000 u ita u 013 $a160184 040 $aSeMil$bita 100 1 $aDuchesne, Louis <1843-1922>.$0(OLS)http://semarc/name/668 245 10$aDiscorsi letti all'Accademia di Francia :$bil 26 gennaio 1911 /$cmons. L. Duchesne, Stefano Lamy. 260 $aRoma :$bDesclée & C.,$c1911. 300 $a48 p. ;$c25 cm. 650 4$aAcadémie française .$0(OLS)http://semarc/subject/34507 700 1 $aLamy, Stefano.$0(OLS)http://semarc/name/67190 850 $aSeMil 852 $aSeMil$W1$xVenegono$y1$m3D IV 188$j132949$B132949$CSeMilBibl$Z2$F144743 $81 996 $6245$aDiscorsi letti all'Accademia di Francia :$bil 26 gennaio 1911$9(OLS)http://semarc/title/261545 996 $6260$aRoma :$bDesclée & C.$9(OLS)http://semarc/publisher/32137 LEADER 01079nam a2200253 i 4500 001 000000353752 003 CaOOAMICUS 005 20230512100752.0 008 230512s2014 xxu u000 u eng u 020 $a978-0-310-52190-7 040 $aSeMil$bita 100 1 $aClines, David J.A.,$d<1938-2022>.$0(OLS)http://semarc/name/3466 245 10$aJob 1-20 /$cDavid J. A. Clines. 264 1$aGrand Rapids, MI :$bZondervan,$c2014. 300 $acxv, 501 p. ;$c24 cm. 490 1 $aWord biblical commentary ;$v17 650 4$aBibbia. Antico Testamento. Giobbe - Commentari, studi, critica, interpretazioni.$0(OLS)http://semarc/subject/182 830 0$aWord biblical commentary ;$v17.$0(OLS)http://semarc/title/40351 850 $aSeMil 852 $aSeMil$W1$xVenegono$y1$m2WA M 17$j240236$B244957$CSeMilBibl$Z2$F244957 $81 996 $6020$a978-0-310-52190-7$9(OLS)http://semarc/number/298132 996 $6245$aJob 1-20$9(OLS)http://semarc/title/443865 996 $6264$aGrand Rapids, MI :$bZondervan$9(OLS)http://semarc/publisher/58036